Návrh stokovej siete v obci Kvačany
Salvato in:
| Autore principale: | |
|---|---|
| Altri autori: | |
| Natura: | Manoscritto Libro |
| Lingua: | slovacco |
| Pubblicazione: |
Bratislava :
STU v Bratislave SvF,
2013
|
| Soggetti: | |
| Accesso online: | VAIS https://opac.crzp.sk/?fn=detailBiblioForm&sid=9359D1AC2B33EC8F6E82F8DC0F9A |
| Tags: |
Nessun Tag, puoi essere il primo ad aggiungerne!!
|
MARC
| LEADER | 00000ntm a22000003a 4500 | ||
|---|---|---|---|
| 001 | stu272037 | ||
| 005 | 20231026093819.4 | ||
| 008 | 130720s2013----xo------------------slo-d | ||
| 040 | |a STU |b slo | ||
| 041 | 0 | |a slo | |
| 044 | |a xo | ||
| 100 | 1 | |a Novák, Peter, |d 1991- |4 aut |u V |T SvF Stavebná fakulta |X 7358 |U V |Y 10 |7 A000007358 | |
| 242 | 0 | 0 | |a The design of sewer system in the Kvačany village |y eng |
| 245 | 1 | |a Návrh stokovej siete v obci Kvačany | |
| 260 | |a Bratislava : |b STU v Bratislave SvF, |c 2013 | ||
| 650 | 7 | |a sewage |2 estusub | |
| 650 | 7 | |a sewer system |2 estusub | |
| 650 | 7 | |a stoková sieť |2 stusub | |
| 650 | 7 | |a kanalizácia |2 stusub | |
| 700 | 1 | |a Rusnák, Dušan, |d 1952- |4 ths |u V280 |U SvF Stavebná fakulta |T SvF Katedra zdravotného inžinierstva |X 719 |U V280 |Y 29 |7 A000000719 | |
| 856 | 4 | |a info a plný text |u http://is.stuba.sk/zp/portal_zp.pl?podrobnosti=80304 |3 VAIS | |
| 856 | 4 | |a CRZP |u https://opac.crzp.sk/?fn=detailBiblioForm&sid=9359D1AC2B33EC8F6E82F8DC0F9A | |